00897cam a2200277 a 4500001000200000003000900002005001700011007000200028008004000030010000600070020001800076040002200094082002400116100002200140245005000162260007100212300002300283490001500306500007100321611007800392650006000470650002400530650002900554650000600583700003000589 DO-SdBNP20210514073552.0 020930s2017 dr a 000 1 spa  a  a9789945503081 aBPMSUcspabBPMSU aRD863.44bD542u2221 aDíaz, Pircilio 14aLas últimas palabras /cPircilio Díaz b  aSanto Domingo :bMinisterio de Cultura ;bEditora Nacional c 2017 a91 p. ;c21 cm.b 0 aNarrativa  3Incluye datos biográficos del autor en la solapa de la cubierta  4aFeria Regional del Libro n(13 :d2017 :cAzua, República Dominicana ) 4aCertámenes literarios zAzua (República Dominicana) 4aCuentos Dominicanos 4aLiteratura dominicanav  4a 1 a Díz, Pircilio d1959 -